| 000 | 00795nam1a22002291 4500 | ||
|---|---|---|---|
| 001 | rc\115385 | ||
| 005 | 20021216134623.6 | ||
| 035 | _a(NLR Aleph) 005394673 | ||
| 090 |
_a7216922 _c7216922 |
||
| 100 | _a20021216g19949999u |0rusy50 ca | ||
| 101 | 0 | _arus | |
| 102 | _aRU | ||
| 105 | _ay ||||||||| | ||
| 200 | 1 |
_aЯрмарка тщеславия _eРоман без героя _e[Для ст. шк. возраста] _fУильям Мейкпис Теккерей _g[Перевод с англ. М. Дьяконова] |
|
| 210 |
_aКазань _cТатар. кн. изд-во _d1994- |
||
| 215 | _d21 | ||
| 700 | 1 |
_aТеккерей _bУ. М. _f1811-1863 _gУильям Мейкпис |
|
| 801 | 0 |
_aRU _bNLR _gpsbo |
|
| 801 | 1 |
_aRU _bELAR _2rusmarc |
|
| 852 |
_aNLR _j94-3/5129 |
||
| 942 | _cBOOK | ||
| 980 | _aNB | ||